Théorie des fonctions aléatoires : applications á divers phénoménes de fluctuation /
Guardado en:
| Autor Principal: | |
|---|---|
| Otros Autores: | |
| Formato: | Libro |
| Idioma: | French |
| Publicado: |
Paris :
Masson,
1953.
|
| Series: | Collection d'ouvrages de mathématiques A l'usage des physiciens
|
| Materias: | |
| Etiquetas: |
Agregar Etiqueta
Sin Etiquetas, Sea el primero en etiquetar este registro!
|
| LEADER | 01922cam a22002411a 4500 | ||
|---|---|---|---|
| 001 | MAT.inmabb005689 | ||
| 008 | 751118s1953####fr#a##########000#0#fre## | ||
| 005 | 20130225125343.0 | ||
| 245 | 1 | 0 | |a Théorie des fonctions aléatoires : |b applications á divers phénoménes de fluctuation / |c par A. Blanc-Lapierre [et] Robert Fortet. Avec un chapitre sur la mécanique des fluides, par J. Kampé de Fériet. Préf. du professeur G. Darmois. |
| 260 | |a Paris : |b Masson, |c 1953. | ||
| 300 | |a 693 p. : |b il. ; |c 26 cm. | ||
| 490 | 0 | |a Collection d'ouvrages de mathématiques A l'usage des physiciens | |
| 504 | |a Includes bibliography. | ||
| 505 | 0 | |a I. Physical introduction to random functions -- II. Axioms, notions, and main theorems of probability theory -- III. Generalities on random functions -- IV. Generalities on stochastic processes; random functions with independent increments -- V. Random functions from Poisson processes -- VI. Generalities on Markov processes. Homogeneous, discrete, Markov chains, finite case. Homogeneous, permanent, Markov chains, finite case. Homogeneous, permanent, Markov chains, denumerable case -- VII. Permanent discontinuous Markov chains. Permanent continuous Markov chains. Additive functionals of a Markov process -- VIII. Harmonic analysis of random functions; linear filters -- IX. Energetic properties of second-order random functions -- X. Some problems related to harmonic analysis -- XI. Stationary random functions of second order -- XII. Laplacian random functions -- XIII. Application: noise and telecommunications -- XIV. Random functions and the statistical theory of turbulence -- XV. Mathematical appendix. | |
| 510 | 4 | |a MR, |c 15,883d | |
| 100 | 1 | |a Blanc-Lapierre, André. | |
| 700 | 1 | |a Fortet, Robert. | |
| 650 | 0 | |a Probabilities. | |
| 650 | 0 | |a Functions. | |
| 084 | |a 60 |2 msc2000 | ||
| 010 | |a 54016898 | ||
| 040 | |a DLC |c FMU |d DLC | ||
| 859 | |h 60 |i B638 |p A-2408 |b BIB. MATEMATICA | ||
